00365nam a2200133Ia 4500008004100000040001900041041001200060082002400072245005400096260002900150300002400179650001000203850001800213131103s9999 xx 000 0 und d aLoreto College aEnglish a745/MAKbLCBED/8525 aChristmas origami-4b wreaths and displays c1985 aTokyobfroebel-kanc1985 a13p.b pic.c 20cm. aCarft aLCBED/745/MAK